000 00575nam a2200193Ia 4500
003 IN-BaIIA
008 211028s9999 xx 000 0 eng d
020 _a0-7923-6671-9
040 _cIIA Library
080 _a52(082.1)
_bASS-256
245 0 _aOrganizations and strategies in astronomy
_cedited by Andre Heck
260 _aDordrecht
_bKluwer Academic
_c2000
300 _ax, 221p.
490 _aAstrophysics and space science library; v. 256
650 _aProfessional astronomy
_925926
650 _aSpace science
700 _aHeck, Andre., ed.
_917833
942 _cBK
999 _c14576
_d14576